| 000 | 00576nam a2200217Ia 4500 | ||
|---|---|---|---|
| 999 |
_c45148 _d45148 |
||
| 001 | 11971 | ||
| 003 | GE_BSU | ||
| 005 | 20221121145114.0 | ||
| 008 | 181216s1989en xx |||||||||||||| ||eng|| | ||
| 020 | _a0330312103 x | ||
| 040 | _cGE_BSU | ||
| 041 | _aeng | ||
| 080 | _a821.111-312.4 H-65 | ||
| 100 |
_aHiggins, Jack _915968 |
||
| 245 | 2 |
_aA season in hell / _cJack Higgins |
|
| 264 |
_aLondon : _bPan Books, _c1989. |
||
| 300 |
_a317 p; _b18 cm. |
||
| 653 | _aA season in hell | ||
| 653 | _aმხატვრული ლიტერატურა | ||
| 942 |
_cBK _2udc |
||